| 000 | 00577cam a2200181Ia 4500 | ||
|---|---|---|---|
| 020 | _a9251032750 | ||
| 040 | _cUMC | ||
| 082 | _a333 FOO 1992 A108 Or. | ||
| 100 | 1 | _aClark, John R., | |
| 245 | 1 | 0 | _aIntegrated management of coastal zones / |
| 260 |
_aRome : _bFood and Agriculture Organization of the United Nations _c1992 |
||
| 300 |
_aviii, 167 p. : _bill., maps ; _c30 cm |
||
| 490 | 1 | _aFAO fisheries technical paper, | |
| 650 | 0 | _aCoastal zone management | |
| 650 | 0 | _aCoastal ecology | |
| 710 | 2 | _aFood and Agriculture Organization of the United Nations | |
| 942 | _cEK | ||
| 999 |
_c16625 _d16625 |
||